<?xml version="1.0" encoding="UTF-8"?>
<record
    xmlns:xsi="http://www.w3.org/2001/XMLSchema-instance"
    xsi:schemaLocation="http://www.loc.gov/MARC21/slim http://www.loc.gov/standards/marcxml/schema/MARC21slim.xsd"
    xmlns="http://www.loc.gov/MARC21/slim">

  <leader>01790nam0a2200397   4500</leader>
  <controlfield tag="001">RU\NLR\BIBL_A\011347613</controlfield>
  <controlfield tag="005">20260419063658.0</controlfield>
  <datafield tag="010" ind1=" " ind2=" ">
    <subfield code="a">978-5-485-00375-3</subfield>
    <subfield code="9">3000</subfield>
  </datafield>
  <datafield tag="021" ind1=" " ind2=" ">
    <subfield code="a">RU</subfield>
    <subfield code="b">2017-9924</subfield>
    <subfield code="9">730</subfield>
  </datafield>
  <datafield tag="035" ind1=" " ind2=" ">
    <subfield code="a">(RuMoRGB)008796068</subfield>
  </datafield>
  <datafield tag="035" ind1=" " ind2=" ">
    <subfield code="a">(NLR Aleph) 011347613</subfield>
  </datafield>
  <datafield tag="090" ind1=" " ind2=" ">
    <subfield code="a">11226952</subfield>
    <subfield code="c">11226952</subfield>
  </datafield>
  <datafield tag="100" ind1=" " ind2=" ">
    <subfield code="a">20170316d2016    |||y0rusy50      ca</subfield>
  </datafield>
  <datafield tag="101" ind1="0" ind2=" ">
    <subfield code="a">rus</subfield>
    <subfield code="a">chu</subfield>
    <subfield code="d">grc</subfield>
  </datafield>
  <datafield tag="102" ind1=" " ind2=" ">
    <subfield code="a">RU</subfield>
  </datafield>
  <datafield tag="105" ind1=" " ind2=" ">
    <subfield code="a">y|||w|||000zy</subfield>
  </datafield>
  <datafield tag="200" ind1="1" ind2=" ">
    <subfield code="a">&#x41F;&#x441;&#x430;&#x43B;&#x442;&#x438;&#x440;&#x44C; &#x443;&#x447;&#x435;&#x431;&#x43D;&#x430;&#x44F;</subfield>
    <subfield code="e">&#x446;&#x435;&#x440;&#x43A;&#x43E;&#x432;&#x43D;&#x43E;&#x441;&#x43B;&#x430;&#x432;&#x44F;&#x43D;&#x441;&#x43A;&#x438;&#x43C;, &#x433;&#x440;&#x430;&#x436;&#x434;&#x430;&#x43D;&#x441;&#x43A;&#x438;&#x43C; &#x448;&#x440;&#x438;&#x444;&#x442;&#x43E;&#x43C;</subfield>
    <subfield code="f">&#x432; &#x43F;&#x435;&#x440;&#x435;&#x432;&#x43E;&#x434;&#x435; [&#x441; &#x433;&#x440;&#x435;&#x447;&#x435;&#x441;&#x43A;&#x43E;&#x433;&#x43E;] &#x41F;. &#x42E;&#x43D;&#x433;&#x435;&#x440;&#x43E;&#x432;&#x430;</subfield>
  </datafield>
  <datafield tag="205" ind1=" " ind2=" ">
    <subfield code="a">&#x418;&#x437;&#x434;. 7-&#x435;</subfield>
  </datafield>
  <datafield tag="210" ind1=" " ind2=" ">
    <subfield code="a">&#x41C;&#x43E;&#x441;&#x43A;&#x432;&#x430;</subfield>
    <subfield code="c">&#x414;&#x430;&#x440;&#x44A;</subfield>
    <subfield code="d">2016</subfield>
    <subfield code="d">(&#x43C;&#x430;&#x43A;&#x435;&#x442; 2017)</subfield>
  </datafield>
  <datafield tag="215" ind1=" " ind2=" ">
    <subfield code="a">844 &#x441;.</subfield>
    <subfield code="d">17</subfield>
  </datafield>
  <datafield tag="225" ind1="1" ind2=" ">
    <subfield code="a">&#x41C;&#x43E;&#x43B;&#x438;&#x442;&#x432;&#x435;&#x43D;&#x43D;&#x44B;&#x439; &#x43F;&#x43E;&#x43A;&#x440;&#x43E;&#x432;</subfield>
  </datafield>
  <datafield tag="300" ind1=" " ind2=" ">
    <subfield code="a">&#x422;&#x435;&#x43A;&#x441;&#x442; &#x440;&#x443;&#x441;., &#x446;&#x435;&#x440;&#x43A;&#x43E;&#x432;&#x43D;&#x43E;&#x441;&#x43B;&#x430;&#x432;&#x44F;&#x43D;&#x441;&#x43A;&#x438;&#x439;</subfield>
  </datafield>
  <datafield tag="320" ind1=" " ind2=" ">
    <subfield code="a">&#x411;&#x438;&#x431;&#x43B;&#x438;&#x43E;&#x433;&#x440;. &#x432; &#x43F;&#x43E;&#x434;&#x441;&#x442;&#x440;&#x43E;&#x447;. &#x43F;&#x440;&#x438;&#x43C;&#x435;&#x447;.</subfield>
  </datafield>
  <datafield tag="327" ind1="1" ind2=" ">
    <subfield code="a">&#x412; &#x43A;&#x43D;. &#x442;&#x430;&#x43A;&#x436;&#x435;: &#x41F;&#x441;&#x430;&#x43B;&#x442;&#x438;&#x440;&#x44C; &#x41F;&#x440;&#x43E;&#x440;&#x43E;&#x43A;&#x430; &#x414;&#x430;&#x432;&#x438;&#x434;&#x430; / &#x432; &#x440;&#x443;&#x441;&#x441;&#x43A;&#x43E;&#x43C; &#x43F;&#x435;&#x440;&#x435;&#x432;&#x43E;&#x434;&#x435; &#x441; &#x433;&#x440;&#x435;&#x447;&#x435;&#x441;&#x43A;&#x43E;&#x433;&#x43E; &#x442;&#x435;&#x43A;&#x441;&#x442;&#x430; &#x41F;. &#x42E;&#x43D;&#x433;&#x435;&#x440;&#x43E;&#x432;&#x430;</subfield>
  </datafield>
  <datafield tag="333" ind1=" " ind2=" ">
    <subfield code="a">6+</subfield>
  </datafield>
  <datafield tag="500" ind1=" " ind2=" ">
    <subfield code="a">&#x41F;&#x441;&#x430;&#x43B;&#x442;&#x438;&#x440;&#x44C;</subfield>
    <subfield code="3">RU\NLR\AUTH\559122</subfield>
    <subfield code="9">2631169</subfield>
  </datafield>
  <datafield tag="500" ind1=" " ind2=" ">
    <subfield code="a">&#x411;&#x438;&#x431;&#x43B;&#x438;&#x44F;</subfield>
    <subfield code="i">&#x412;.&#x417;.</subfield>
    <subfield code="i">&#x41F;&#x441;&#x430;&#x43B;&#x442;&#x438;&#x440;&#x44C;</subfield>
    <subfield code="l">&#x41F;&#x435;&#x440;&#x435;&#x440;&#x430;&#x431;&#x43E;&#x442;&#x43A;&#x438;</subfield>
    <subfield code="3">RU\NLR\AUTH\5510622</subfield>
    <subfield code="9">2632622</subfield>
  </datafield>
  <datafield tag="608" ind1=" " ind2=" ">
    <subfield code="a">&#x41F;&#x441;&#x430;&#x43B;&#x442;&#x44B;&#x440;&#x44C; &#x431;&#x43E;&#x433;&#x43E;&#x441;&#x43B;&#x443;&#x436;&#x435;&#x431;&#x43D;&#x430;&#x44F;</subfield>
    <subfield code="9">2072916</subfield>
    <subfield code="3">RU\NLR\AUTH\661247776</subfield>
  </datafield>
  <datafield tag="686" ind1=" " ind2=" ">
    <subfield code="a">&#x42D;372.24-507&#x41F;&#x441;&#x430;&#x43B;&#x442;&#x44B;&#x440;&#x44C;,0</subfield>
    <subfield code="2">rubbk</subfield>
  </datafield>
  <datafield tag="686" ind1="2" ind2=" ">
    <subfield code="a">&#x42D;372.24-507</subfield>
  </datafield>
  <datafield tag="702" ind1=" " ind2="1">
    <subfield code="4">730</subfield>
    <subfield code="a">&#x42E;&#x43D;&#x433;&#x435;&#x440;&#x43E;&#x432;</subfield>
    <subfield code="b">&#x41F;. &#x410;.</subfield>
    <subfield code="f">1856-1921</subfield>
    <subfield code="g">&#x41F;&#x430;&#x432;&#x435;&#x43B; &#x410;&#x43B;&#x435;&#x43A;&#x441;&#x430;&#x43D;&#x434;&#x440;&#x43E;&#x432;&#x438;&#x447;</subfield>
    <subfield code="9">150145</subfield>
    <subfield code="3">RU\NLR\AUTH\770150182</subfield>
  </datafield>
  <datafield tag="942" ind1=" " ind2=" ">
    <subfield code="c">BOOK</subfield>
  </datafield>
  <datafield tag="980" ind1=" " ind2=" ">
    <subfield code="a">NB</subfield>
  </datafield>
  <datafield tag="995" ind1=" " ind2=" ">
    <subfield code="5">2017-03-16</subfield>
    <subfield code="a">ad</subfield>
    <subfield code="b">NLR01</subfield>
    <subfield code="c">NLR01</subfield>
    <subfield code="e">RF31</subfield>
    <subfield code="f">1-1767471</subfield>
    <subfield code="k">2017-2/566</subfield>
    <subfield code="o">0</subfield>
    <subfield code="r">BOOK</subfield>
    <subfield code="s">20172566_</subfield>
  </datafield>
  <datafield tag="995" ind1=" " ind2=" ">
    <subfield code="5">2017-03-16</subfield>
    <subfield code="a">ad</subfield>
    <subfield code="b">NLR01</subfield>
    <subfield code="c">NLR01</subfield>
    <subfield code="e">OBM</subfield>
    <subfield code="f">1-1767470</subfield>
    <subfield code="o">0</subfield>
    <subfield code="p">140.00</subfield>
    <subfield code="r">BOOK</subfield>
  </datafield>
</record>
